| 000 | 00901cam a22002535a 4500 | ||
|---|---|---|---|
| 001 | 16930360 | ||
| 005 | 20160201094508.0 | ||
| 008 | 110822t2012 flua frb 001 0 eng d | ||
| 020 | _a9781439849996 (pbk. : alk. paper) | ||
| 020 | _a1439849994 (pbk. : alk. paper) | ||
| 040 |
_aDLC _beng _cDLC _dYDX _dBTCTA _dYDXCP _dBWX _dDLC _dEG-ScBUE _dEG-ScBUE |
||
| 082 | 0 | 4 |
_a660 _bGHA _222 |
| 100 | 1 |
_aGhasem, Nayef. _937849 |
|
| 245 | 1 | 0 |
_aComputer methods in chemical engineering / _cNayef Ghasem. |
| 260 |
_aBoca Raton : _bCRC Press / Taylor & Francis Group, _cc.2012. |
||
| 300 |
_axvii, 505 p. : _bill. ; _c24 cm. |
||
| 500 | _aIndex : p. 493-505. | ||
| 504 | _aIncludes bibliographical references. | ||
| 650 | 7 |
_aChemical engineering _xData processing. _2BUEsh _937112 |
|
| 651 | _2BUEsh | ||
| 653 |
_bENGGEN _bENGCHE _cJuly2015 _cNovember2015 _cJanuary2016 |
||
| 655 |
_vText book _933728 |
||
| 942 | _2ddc | ||
| 999 |
_c20318 _d20290 |
||